| 000 | 00734nam a2200193 a 4500 | ||
|---|---|---|---|
| 001 | 000997390 | ||
| 003 | AM-YeHGA | ||
| 005 | 20250617150409.0 | ||
| 008 | 131220s1974 ||| r 000 0 rus d | ||
| 040 | _aAM-YeHGA | ||
| 041 | 0 | _arus | |
| 100 | 1 | _aТлехас, Гиз Ибрагимович | |
| 245 | 1 | 0 |
_aЛекарственные растения Оренбургской области / _cГ.И. Тлехас; Оренбург. фармацевтич. училище. |
| 260 |
_aЧелябинск : _bЮж.-Урал. кн. изд-во, _c1974. |
||
| 300 |
_a335 с. : _bил. |
||
| 653 | 0 | _aФармакология | |
| 653 | 0 | _aЛекарственные растения - Оренбург. обл. | |
| 090 | _c331910 | ||
| 999 |
_c330152 _d330152 |
||